000 00428cam a2200169ua 4500
020 _c32.00
041 _aeng
_h
082 _a624.15
_bBRA/FO
100 _aBrahma, S P .
245 _aFoundation engineering /
_cS P Brahma.
_hTextual Documents
260 _aNew Delhi :
_bTata Mc-Graw Hill Publishing Company ,
_c1985.
300 _a470 ; .
365 _a32.00
504 _a
942 _cBK
999 _c10754
_d10754